000 00233nam a2200109Ia 4500
999 _c10972
_d10972
020 _a978-1861002235
100 _aHorton,Ivor
245 0 _aBeginning Java 2
260 _aNew Delhi
_bBantam Books
_c2000
300 _a643
942 _cBK